Catálogo

Dioses de la peste : (Registro nro. 63283)

Detalles MARC
000 -LEADER
fixed length control field 00896cam a2200265 i 4500
001 - CONTROL NUMBER
control field 63283
005 - DATE AND TIME OF LATEST TRANSACTION
control field 20180714065635.0
008 - FIXED-LENGTH DATA ELEMENTS--GENERAL INFORMATION
fixed length control field 150718s1998 mx r 000 0 spa d
020 ## - INTERNATIONAL STANDARD BOOK NUMBER
International Standard Book Number 9682321050
040 ## - CATALOGING SOURCE
Original cataloging agency MX-PuUPA
Language of cataloging spa
Description conventions rda
Transcribing agency Mx-PuUPA
Modifying agency Mx-PuUPA
041 ## - LANGUAGE CODE
Language code of text/sound track or separate title spa
082 0# - DEWEY DECIMAL CLASSIFICATION NUMBER
Classification number 809.3
Item number WEI
100 1# - MAIN ENTRY--PERSONAL NAME
Personal name Weisz Carrington, Gabriel,
Dates associated with a name 1946
Relator term autor
245 10 - TITLE STATEMENT
Title Dioses de la peste :
Remainder of title un estudio sobre literatura y representación /
Statement of responsibility, etc. por Gabriel Weisz.
250 ## - EDITION STATEMENT
Edition statement Primera edición
264 #1 - PRODUCTION, PUBLICATION, DISTRIBUTION, MANUFACTURE, AND COPYRIGHT NOTICE
Place of production, publication, distribution, manufacture México, D.F. :
Name of producer, publisher, distributor, manufacturer Siglo xxi Editores,
Date of production, publication, distribution, manufacture, or copyright notice 21 cm.
300 ## - PHYSICAL DESCRIPTION
Extent 202 páginas ;
Dimensions 21 cm.
336 ## - CONTENT TYPE
Content type term texto
Source rdacontent
337 ## - MEDIA TYPE
Media type term sin mediación
Source rdamedia
338 ## - CARRIER TYPE
Carrier type term volumen
Source rdacarrier
490 0# - SERIES STATEMENT
Series statement Lingüística y teoría literaria
650 #4 - SUBJECT ADDED ENTRY--TOPICAL TERM
Topical term or geographic name entry element Literatura
General subdivision Historia y crítica
Chronological subdivision Siglo XX
650 #4 - SUBJECT ADDED ENTRY--TOPICAL TERM
Topical term or geographic name entry element Literatura
General subdivision Teoría
650 #4 - SUBJECT ADDED ENTRY--TOPICAL TERM
Topical term or geographic name entry element Figura humana en el arte
Existencias
Withdrawn status Lost status Source of classification or shelving scheme Damaged status Not for loan Collection code Home library Current library Shelving location Date acquired Source of acquisition Inventory number Total Checkouts Full call number Barcode Date last seen Price effective from Koha item type
    Dewey Decimal Classification     General Biblioteca Karol Wojtyla Biblioteca Karol Wojtyla Sala general 23/11/2017 Compra 151000000000000000032348   809.3 WEI 1998 98497 05/01/2026 23/11/2017 Libro
    Dewey Decimal Classification     General Tehuacán Tehuacán Sala general 18/07/2015 Compra     863.4 WEI 1998 509892 08/01/2025 18/07/2015 Libro